All IAU designated constellations (alphabetically) - Statistics

General Stats
  • This quiz has been taken 4 times
  • The average score is 5 of 88
Answer Stats
Hint Answer % Correct
Princess chained to a rock as monster bait Andromeda
100%
Boyle's invention; Lacaille's air-moving machine Antlia
100%
Paradise bird of the deep southern sky Apus
100%
Zeus's messenger bird; home of Altair Aquila
50%
Where gods swore oaths before battling the Titans Ara
50%
Spring's first zodiacal sign; a woolly climber Aries
50%
Jar-pouring figure; lends its name to an Age Aquarius
0%
Reins-holder in the sky; home of bright Capella Auriga
0%
Herdsman containing the fourth-brightest star, Arcturus Boötes
0%
A carver's small blade; one of the sky's faintest Caelum
0%
Spotty, long-necked African animal; huge but faint Camelopardalis
0%
Sign of the summer solstice; a sideways walker Cancer
0%
Two hounds on a leash held by the herdsman Canes Venatici
0%
Home of Sirius, the night sky's brightest star Canis Major
0%
Home of Procyon; the lesser hound Canis Minor
0%
Mythical beast: goat above, fish below Capricornus
0%
Jason's ship's underside; home of Canopus Carina
0%
W-shaped queen punished for her vanity Cassiopeia
0%
Half-man, half-horse; hosts the nearest star to Earth Centaurus
0%
Ethiopian king; Cassiopeia's husband Cepheus
0%
Monster Andromeda was chained to face Cetus
0%
Color-changing reptile of the deep south Chamaeleon
0%
Draftsman's V-shaped drawing tool Circinus
0%
The bird Noah sent to find dry land Columba
0%
An Egyptian queen sacrificed her locks for this Coma Berenices
0%
Southern jewelled circle; smaller than its twin Corona Australis
0%
Ariadne's wedding crown; northern semicircle of stars Corona Borealis
0%
Apollo's tattletale bird; perches on a serpent Corvus
0%
Goblet perched on a serpent's back Crater
0%
Smallest constellation; on Australia's flag Crux
0%
Northern Cross disguised as a swan Cygnus
0%
Tiny jumper nicknamed Job's Coffin Delphinus
0%
Swordfish hosting the Large Magellanic Cloud Dorado
0%
Fire-breather coiled around the north pole Draco
0%
Second smallest constellation; a foal Equuleus
0%
Long river flowing from a hunter's foot southward Eridanus
0%
A chemist's heat source; named by Lacaille Fornax
0%
Castor and Pollux's celestial address Gemini
0%
Long-legged wading bird of the southern sky Grus
0%
Twelve labors; not the one who slew Medusa Hercules
0%
Ticks on a mantelpiece; Lacaille's timekeeper Horologium
0%
Largest constellation; many-headed beast of myth Hydra
0%
Smaller southern cousin of the many-headed beast Hydrus
0%
Figure representing a native of the subcontinent Indus
0%
Small, scaly, quick-tongued reptile of the north Lacerta
0%
Simba's starry kingdom Leo
0%
Faint cub lurking north of the lion Leo Minor
0%
Prey crouching beneath the hunter's feet Lepus
0%
Only inanimate sign of the zodiac Libra
0%
Wild predator prowling beside the centaur Lupus
0%
So faint its namer said only sharp eyes could see it Lynx
0%
Orpheus's instrument; home of Vega Lyra
0%
Named after a flat-topped South African mountain Mensa
0%
Makes tiny things visible; Lacaille's lab instrument Microscopium
0%
Single-horned beast between two hounds Monoceros
0%
Buzzing insect near the southern cross Musca
0%
Right-angle tool of a carpenter Norma
0%
Eight-sided instrument; marks the south celestial pole Octans
0%
Snake-wrestler; the 13th constellation on the ecliptic Ophiuchus
0%
Belt of three stars; pursued by a scorpion Orion
0%
Hera's jewel-feathered bird Pavo
0%
Bellerophon's winged ride; Great Square in the sky Pegasus
0%
He used a Gorgon's severed head as a weapon Perseus
0%
Rises from its own ashes; southern sky Phoenix
0%
An artist's three-legged support, set in stars Pictor
0%
Last sign of the zodiac; always comes in a pair Pisces
0%
Southern fish; home of bright Fomalhaut Piscis Austrinus
0%
The rear end of Jason's famous ship Puppis
0%
A ship's direction-finder; not a sextant Pyxis
0%
Crosshair in a telescope eyepiece Reticulum
0%
Projectile without its launcher; ancient and tiny Sagitta
0%
Centaur drawing a bow; points toward galactic center Sagittarius
0%
Orion's nemesis; IAU name, not the astrological one Scorpius
0%
An artist's studio in the southern sky Sculptor
0%
Polish king Sobieski's battle shield Scutum
0%
Only constellation officially split into two halves Serpens
0%
Navigator's angle-measuring instrument Sextans
0%
Ferdinand's celestial home; the Pleiades live here Taurus
0%
Lacaille's stargazing tool, now immortalized in stars Telescopium
0%
Three stars, three sides, no mythology required Triangulum
0%
Southern version of a three-sided figure Triangulum Australe
0%
Rainbow-billed bird; hosts the Small Magellanic Cloud Tucana
0%
Big Dipper's parent; the great she-bear Ursa Major
0%
Little Dipper's parent; Polaris at its tip Ursa Minor
0%
What wind fills on Jason's ship Vela
0%
Largest zodiacal constellation; the harvest goddess Virgo
0%
Airborne fish of the southern sky Volans
0%
Sly creature between the eagle and the swan Vulpecula
0%
No matching quizzes found
Score Distribution
Percent of People with Each Score
Percentile by Number Answered
Your Score History
You have not taken this quiz